000 00403nam a2200157Ia 4500
008 230718s9999 xx 000 0 und d
041 _aeng
082 _a153.93
_bBAR
100 _aBarrett J.
_9108224
245 _aHow To Pass Advanced Aptitude Tests
260 _c2003
_bKogan Page
300 _a194
365 _cRs.
_b150.00
700 _aBarrett J.
_9108224
906 _dB:74717-Jun-2003
_cOTH
_b30
999 _c305486
_d305486